000 00519nam a2200181 4500
999 _c164723
_d164723
005 20190524173613.0
010 _aENG-125303
020 _a8185569835
_c270.00
035 _aEN-108835
037 _bDBAD/PUB
082 _a333.720
100 _aGhosh, Sailendra Nath
245 _aNatures matters /
_cby Sailendra Nath Ghosh
260 _aGoa
_bOther India Press
_c2014
270 _aAbove Mapusa Clinic
_bMapusa, Goa
_e403507
300 _axv,207p.
_c22cm(pbk)
942 _2ddc
_cEN
_h333.720
_mGHO